ESSENTIALS OF ORTHOPEDICS & APPLIED PHYSIOTHERAPY (Record no. 8301)

MARC details
000 -LEADER
fixed length control field 00369nam a22001577a 4500
003 - CONTROL NUMBER IDENTIFIER
control field SGT
020 ## - INTERNATIONAL STANDARD BOOK NUMBER
International Standard Book Number 978-81-312-1147-2
082 ## - DEWEY DECIMAL CLASSIFICATION NUMBER
Classification number 617.3, E15J
100 ## - MAIN ENTRY--PERSONAL NAME
Personal name JOSHI, JAYANT
245 ## - TITLE STATEMENT
Title ESSENTIALS OF ORTHOPEDICS & APPLIED PHYSIOTHERAPY
250 ## - EDITION STATEMENT
Edition statement 2ND
260 ## - PUBLICATION, DISTRIBUTION, ETC. (IMPRINT)
Place of publication, distribution, etc DELHI
Name of publisher, distributor, etc ELSEVIER
Year of Publication 2015
300 ## - PAGE DESCRIPTION
No. of Pages 608
650 ## - SUBJECT ADDED ENTRY--TOPICAL TERM
Topical term or geographic name as entry element PHYSIOTHERAPY
942 ## - ADDED ENTRY ELEMENTS (KOHA)
Source of classification or shelving scheme Dewey Decimal Classification
Koha item type Books
942 ## - ADDED ENTRY ELEMENTS (KOHA)
-- 121
Holdings
Withdrawn status Lost status Source of classification or shelving scheme Damaged status Not for loan Collection code Home library Current library Shelving location Date acquired Vendor Name Cost, normal purchase price SGTU Bill Number Total Checkouts Full call number Accession No. (Barcode) Date last seen Date last borrowed Bill Date Koha item type Total Renewals
    Dewey Decimal Classification     MEDICAL SGT Medical Library SGT Medical Library Text Book 04/03/2016 AHUJA BOOK COMPANY 795.00 SGTU 5792 2 617.3, E15J FM7326 21/06/2025 05/06/2025   Books  
    Dewey Decimal Classification     MEDICAL SGT Medical Library SGT Medical Library Text Book 04/03/2016 AHUJA BOOK COMPANY 795.00 SGTU 5792   617.3, E15J FM7327 04/03/2016     Books  
    Dewey Decimal Classification     MEDICAL SGT Medical Library SGT Medical Library Text Book 04/03/2016 AHUJA BOOK COMPANY 795.00 SGTU 5792 24 617.3, E15J FM7328 18/06/2025 07/06/2025   Books 2
    Dewey Decimal Classification     MEDICAL SGT Medical Library SGT Medical Library Text Book 04/03/2016 AHUJA BOOK COMPANY 795.00 SGTU 5792 39 617.3, E15J FM7329 18/06/2025 11/06/2025   Books 1
    Dewey Decimal Classification     MEDICAL SGT Medical Library SGT Medical Library Text Book 04/03/2016 AHUJA BOOK COMPANY 795.00 SGTU 5792 35 617.3, E15J FM7330 24/06/2025 17/06/2025   Books  
    Dewey Decimal Classification     MEDICAL SGT Medical Library SGT Medical Library Text Book 04/03/2016 AHUJA BOOK COMPANY 795.00 SGTU 5792   617.3, E15J FM7331 04/03/2016     Books  
    Dewey Decimal Classification     MEDICAL SGT Medical Library SGT Medical Library Text Book 04/03/2016 AHUJA BOOK COMPANY 795.00 SGTU 5792 39 617.3, E15J FM7332 13/06/2025 24/05/2025   Books  
    Dewey Decimal Classification     MEDICAL SGT Medical Library SGT Medical Library Text Book 04/03/2016 AHUJA BOOK COMPANY 795.00 SGTU 5792 47 617.3, E15J FM7333 01/07/2023 22/06/2023   Books  
    Dewey Decimal Classification     MEDICAL SGT Medical Library SGT Medical Library Text Book 04/03/2016 AHUJA BOOK COMPANY 795.00 SGTU 5792 33 617.3, E15J FM7334 01/09/2025 18/08/2025   Books  
    Dewey Decimal Classification     MEDICAL SGT Medical Library SGT Medical Library Text Book 04/03/2016 AHUJA BOOK COMPANY 795.00 SGTU 5792 20 617.3, E15J FM7335 18/06/2025 03/06/2025   Books